00349 2200145 4500001002100000005001500021035002000036245004700056100002000103300001200123260003400135082000800169084001400177990001200191INLIS00000000000206920250527094522 a0010-05250003611 aKamus Jerman Indonesia /cAdolf Heuken SJ0 aAdolf Heuken SJ a667 hlm bGramedia Pusraka Utama,c1996 a430 a430 ADO k a0713307